| 000 | 00850nam a2200121Ia 4500 | ||
|---|---|---|---|
| 008 | 220615s9999||||xx |||||||||||||| ||und|| | ||
| 100 | _aJansen, Sylvia J.T.||Coolen, Henny C.C.H.||Goetgeluk, Roland W. | ||
| 245 | 4 | _aThe Measurement and Analysis of Housing Preference and Choice | |
| 546 | _aEnglish[eng] | ||
| 650 | _ahousing||methodology of the social sciences||statistical theory and methods||geography||Decision-making||Dependent and independent variables||Multi-attribute utility||Netherlands||Real estate economics||Single-family detached home | ||
| 856 | _uhttps://library.oapen.org/bitstream/20.500.12657/34541/1/413366.pdf||https://library.oapen.org/bitstream/20.500.12657/34541/1/413366.pdf||https://library.oapen.org/bitstream/20.500.12657/34541/1/413366.pdf||https://library.oapen.org/bitstream/20.500.12657/34541/1/413366.pdf | ||
| 942 | _cEB | ||
| 999 |
_c9332 _d9332 |
||